Entry Nombre personal
001 - NÚMERO DE CONTROL
- campo de control: 235026
003 - IDENTIFICADOR DE NÚMERO DE CONTROL
- campo de control: SpMaBN
005 - FECHA Y HORA DE LA ÚLTIMA TRANSACCIÓN
- campo de control: 20240209201540.0
008 - ELEMENTOS DE DATO DE LONGITUD-FIJA
- campo de control de longitud fija: 010212nn aijnnaabn a aaa
016 ## - NÚMERO DE CONTROL DE UNA AGENCIA BIBLIOGRÁFICA NACIONAL
- Número de control del registro: BNE20011044290
024 7# - IDENTIFICADOR DE OTROS ESTÁNDARES
- Número estándar o código: http://www.wikidata.org/entity/Q99863318
- Fuente: wikidata
024 7# - IDENTIFICADOR DE OTROS ESTÁNDARES
- Número estándar o código: http://viaf.org/viaf/95937238/
- Fuente: viaf
040 ## - FUENTE DE CATALOGACIÓN
- Centro catalogador/agencia de origen: SpMaBN
- Lengua de catalogación: spa
- Centro/agencia transcriptor: SpMaBN
- Normas de descripción: rdc
- Convención/Normas de encabezamiento de materia/tesauro: embne
046 ## - FECHAS CON CODIFICACIÓN ESPECIAL
- Fecha de nacimiento: 1886
- Fecha de la muerte: 1957
100 1# - ENCABEZAMIENTO-NOMBRE DE PERSONA
- Nombre de persona: Navarro, Eduardo,
- Fechas asociadas al nombre: 1886-1957
375 ## - GÉNERO/SEXO
- Género: Masculino
400 1# - TRAZADO DE VÉASE--NOMBRE DE PERSONA
- Nombre de persona: Navarro Martín, Eduardo,
- Fechas asociadas al nombre: 1886-1957
670 ## - FUENTE DE DATOS ENCONTRADOS
- Cita de la fuente: Las aguafuertes de Eduardo Navarro, 1930
670 ## - FUENTE DE DATOS ENCONTRADOS
- Cita de la fuente: Dicc. de pint. y escult. esp. del s.XX
- Información encontrada: (Navarro Martín, Eduardo; Málaga, 1886-1957; grabador y pintor; miembro del grupo de grabadores Los 24)
